Estatísticas para Cultura Geral

Clique aqui para jogar o quiz

Estatísticas Gerais

  • Esse quiz foi jogado 18 vezes
  • A pontuação média é 9 de 15

Estatísticas das Respostas

HintResposta% Correto
A que banda pertenceu Paul McCartney?Beatles
100%
A que país pertence a companhia aérea Iberia?Espanha
100%
A que país pertence a companhia aérea Thai Airways?Tailândia
100%
A que país pertence a companhia aérea Southwest?Estados Unidos
86%
Em que país podemos encontrar a sede da empresa Domino's Pizza?Estados Unidos
86%
Qual é a profissão de Kirsten Dunst?Atriz
64%
Qual é a profissão de Tina Fey?Comediante
50%
A que país pertence a companhia aérea KLM?Países Baixos
50%
Em que país nasceu Dave Matthews?África do Sul
43%
Qual é a flor nacional da Inglaterra?Rosa
43%
Qual ginasta americana ganhou 4 medalhas de ouro nas olimpíadas de 2016?Simone Biles
43%
A que país pertence a companhia aérea Aer Lingus?Irlanda
36%
Que cantora fez um dueto com Eminem na música "Love the Way You Lie"?Rihanna
29%
Qual é o estado menos populoso dos EUA?Wyoming
21%
Que país publica o maior número de livros per capita?Islândia
0%

Distribuição das Pontuações

Percentil de Números Respondidos

Porcentagem de Pessoas com Cada Pontuação

Sua Pontuação Histórica

Você não jogou esse quiz